| 000 | 00428nam a2200181Ia 4500 | ||
|---|---|---|---|
| 005 | 20240823043341.0 | ||
| 008 | 240823s9999||||xx |||||||||||||| ||und|| | ||
| 041 | _aENGLISH | ||
| 082 | _A658.401 M3 | ||
| 100 | _a"Fulmer,Robert M" | ||
| 245 | 4 | _aThe New Management | |
| 250 | _a1st | ||
| 260 |
_c1983 _b"Macmillan,New York" |
||
| 500 | _aYES | ||
| 650 |
_aManagement _bManagement Studies |
||
| 942 | _cBK | ||
| 999 |
_c210032 _d210032 |
||